000 00220 a2200097 4500
001 30397
100 _aBAY, A E M Bayliss
245 _aPlays of Adventure
260 _aLondon
_bG G Harrap & Co
_c
090 _c20349
_d20349
942 _aNUST-CAE
_cM
_c11502
999 _c265470
_d265470